01198nam a2200277 i 4500001001000000003000900010005001700019007000300036008004100039040003000080082000700110110006800117245008700185264006200272300005000334336002700384337003300411338002800444490003700472590002600509942001400535952011500549952011900664952012000783999001700903000048695DO-SdBNP20230502092016.0ta190410s2016 dr a 000 0 spa d aDO-SdBNPbspacBNPHUerda 42221 aSuperintendencia de ElectricidadbRepública Dominicana97615210aTabla homologada de consumos de equipos eléctricos :bresolución SIE-083-2007. aSanto Domingo :bSuperintendencia de Electricidad,c2016. a74, [86] páginas :bilustraciones ;c28 cm. 2rdacontentatextobtxt 2rdamediaadin mediaciónbn 2rdacarrieravolumenbnc0 aMercado electronico minoristav1 aInventariado, 2019/VM 2ddccLBS1 00102ddc51708PDaBNPHUbBNPHUcCTd2019-04-10eDepósito Legalo p48695-10r2020-06-25w2020-06-25yLBS1 00102ddc51708PDaBNPHUbBNPHUcCTd2023-05-02eDepósito Legall0p48695-20r2023-05-02te.2w2023-05-02yLF2 00102ddc56708DSaBNPHUbBNPHUcCTd2023-05-02eDepósito Legall0p48695-30r2023-05-02te.3w2023-05-02yLBS1 c48183d48183